Municipios de Madrid (con un mapa) - Estadísticas

Estadísticas generales
  • Esta prueba ha sido intentada 45.157 veces
    44.960 desde el último reinicio
  • La puntuación promedio es 52 de 179
Respuestas en el mapa
Las respuestas están codificadas por una escala verde-roja en el mapa de la prueba según el % correcto abajo.
 
Estadísticas de respuestas
Municipio % Correcto
Madrid
97%
Getafe
87%
Leganés
81%
Móstoles
80%
Alcorcón
79%
Alcalá de Henares
77%
Aranjuez
73%
Fuenlabrada
73%
Alcobendas
71%
Pinto
68%
Valdemoro
67%
Parla
66%
Torrejón de Ardoz
65%
San Sebastían de los Reyes
64%
Majadahonda
63%
El Escorial
61%
Pozuelo de Alarcón
60%
Coslada
59%
Colmenar Viejo
57%
Tres Cantos
55%
Rivas-Vaciamadrid
54%
Boadilla del Monte
53%
Collado Villalba
52%
Navacerrada
52%
Arganda del Rey
51%
Cercedilla
51%
Chinchón
50%
Navalcarnero
49%
San Fernando de Henares
49%
Torrelodones
49%
Guadarrama
48%
Las Rozas de Madrid
48%
Buitrago del Lozoya
45%
Villaviciosa de Odón
45%
Galapagar
44%
Guadalix de la Sierra
44%
Humanes de Madrid
42%
Brunete
41%
Ciempozuelos
41%
Manzanares el Real
41%
Algete
40%
Paracuellos de Jarama
40%
San Martín de Valdeiglesias
40%
Arroyomolinos
39%
San Lorenzo de El Escorial
39%
San Martín de la Vega
39%
Morata de Tajuña
38%
Villanueva de la Cañada
38%
Alpedrete
37%
Meco
36%
Rascafría
36%
San Agustín del Guadalix
36%
Soto del Real
35%
Valdemorillo
35%
Lozoyuela-Navas-Sieteiglesias
34%
Patones
34%
Collado Mediano
33%
Colmenarejo
32%
Mejorada del Campo
32%
Miraflores de la Sierra
32%
Colmenar de Oreja
31%
Griñón
31%
Lozoya
31%
Moraleja de Enmedio
31%
Somosierra
31%
Villanueva del Pardillo
31%
Cenicientos
30%
El Molar
29%
Moralzarzal
29%
Sevilla la Nueva
29%
Torrejón de la Calzada
29%
Ajalvir
28%
El Álamo
28%
Villaconejos
28%
Aldea del Fresno
27%
Hoyo de Manzanares
27%
Loeches
27%
Robledo de Chavela
27%
Daganzo de Arriba
26%
Perales de Tajuña
26%
Villar del Olmo
26%
Cobeña
24%
El Boalo
24%
Torrejón de Velasco
24%
Becerril de la Sierra
23%
Los Molinos
23%
Torrelaguna
23%
Velilla de San Antonio
23%
Campo Real
22%
La Cabrera
22%
Villalbilla
22%
Villamanta
22%
Alameda del Valle
21%
Cadalso de los Vidrios
21%
Fresno de Torote
21%
Santa María de la Alameda
21%
Villamantilla
21%
Bustarviejo
20%
Cubas de la Sagra
20%
Titulcia
20%
Villarejo de Salvanés
20%
Zarzalejo
20%
Casarrubuelos
19%
Chapinería
19%
Estremera
19%
Fuentidueña de Tajo
19%
Nuevo Baztán
19%
Pelayos de la Presa
19%
Quijorna
19%
Talamanca de Jarama
19%
Torres de la Alameda
19%
Fuente el Saz de Jarama
18%
Navalagamella
18%
Navas del Rey
18%
Pedrezuela
18%
Villa del Prado
18%
El Berrueco
17%
Pozuelo del Rey
17%
Serranillos del Valle
17%
Batres
16%
Camarma de Esteruelas
16%
Canencia
16%
Colmenar del Arroyo
16%
El Atazar
16%
El Vellón
16%
Brea de Tajo
15%
Gargantilla del Lozoya y Pinilla de Buitrago
15%
Los Santos de la Humosa
15%
Pinilla del Valle
15%
Robregordo
15%
Tielmes
15%
Ambite
14%
Belmonte de Tajo
14%
Carabaña
14%
Horcajo de la Sierra-Aoslos
14%
La Hiruela
14%
Rozas de Puerto Real
14%
Valdelaguna
14%
Valdetorres de Jarama
14%
Venturada
14%
Anchuelo
13%
Braojos de la Sierra
13%
Cabanillas de la Sierra
13%
Fresnedillas de la Oliva
13%
Garganta de los Montes
13%
Montejo de la Sierra
13%
Navalafuente
13%
Orusco de Tajuña
13%
Valdemanco
13%
Valdemaqueda
13%
Valdeolmos-Alalpardo
13%
Corpa
12%
Gascones
12%
La Acebeda
12%
Madarcos
12%
Navarredonda y San Mamés
12%
Puebla de la Sierra
12%
Valdilecha
12%
Villamanrique de Tajo
12%
Villanueva de Perales
12%
Horcajuelo de la Sierra
11%
Santorcaz
11%
Valverde de Alcalá
11%
Villavieja del Lozoya
11%
Berzosa del Lozoya
10%
Cervera de Buitrago
10%
La Serna del Monte
10%
Robledillo de la Jara
10%
Torremocha de Jarama
10%
Valdepiélagos
10%
Olmeda de las fuentes
9%
Pezuela de las Torres
9%
Piñuécar-Gandullas
9%
Pradena del Rincón
9%
Redueña
9%
Ribatejada
9%
Valdeavero
9%
Puentes Viejas
8%
Valdaracete
8%
No se encontraron pruebas coincidentes
Distribución de puntuación
Porcentaje de gente con cada puntuación
Porcentaje por número respondido
Historial de tus puntuaciones
No has intentado esta prueba desde el último reinicio